Συντηρητισμός, φιλελευθερισμός, σοσιαλισμός : τα βασικά πολιτικά ρεύματα και οι απαντήσεις τους στα φλέγοντα προβλήματα της εποχής μας

Αποθηκεύτηκε σε:
Λεπτομέρειες βιβλιογραφικής εγγραφής
Κύριος συγγραφέας: Meinardus, Ronald 1955-
Μορφή: Βιβλίο
Γλώσσα:Greek
Δημοσίευση: Αθήνα : Εστία, 1992
Θέματα:
Ετικέτες: Προσθήκη ετικέτας
Δεν υπάρχουν, Καταχωρήστε ετικέτα πρώτοι!

MARC

LEADER 00000nam a2200000 i 4500
001 1/99265
008 950327s1992 gre d
035 |l 10011240 
040 |a GR-MY-UA  |b gre  |e aacr 
041 0 |a gre 
082 0 |a 320.509495 
100 1 |a Meinardus, Ronald  |d 1955- 
245 1 0 |a Συντηρητισμός, φιλελευθερισμός, σοσιαλισμός :  |b τα βασικά πολιτικά ρεύματα και οι απαντήσεις τους στα φλέγοντα προβλήματα της εποχής μας /  |c Ronald Meinardus...[et. al] 
260 |a Αθήνα :   |b Εστία,   |c 1992 
300 |a 307 σ 
650 0 0 |a Liberalism. 
650 0 0 |a Conservation. 
650 0 0 |a Socialism. 
852 |a INST  |b LESVOS  |e 19950327  |h 320.509495 ΣΥΝ  |p 005100002035  |q 005100002035  |t BK  |y 4  |x 20010406 
909 |a Λ  |b 036925